Sports Quiz

Random Sports or MLB Quiz

Big 4 'P' Team Blitz Quiz Stats

 Plays Quiz Updated Feb 26, 2016

Challenge
Share
Tweet
Embed
Score 0/12 Timer 01:00
5 Plays Today
League Team % Correct
MLBPittsburgh Pirates
86%
NHLPittsburgh Penguins
78%
NFLCarolina Panthers
75%
NHLFlorida Panthers
75%
MLBPhiladelphia Phillies
74.7%
NFLNew England Patriots
68.8%
NBANew Orleans Pelicans
60.3%
NFLGreen Bay Packers
58.3%
NBAIndiana Pacers
54.1%
MLBSan Diego Padres
51.7%
NBADetroit Pistons
50.1%
NHLNashville Predators
35.3%

You're not logged in!

Compare scores with friends on all Sporcle quizzes.
Join for Free
OR
Log In

You Might Also Like...

Show Comments

Extras

Top Quizzes Today


Score Distribution

Your Account Isn't Verified!

In order to create a playlist on Sporcle, you need to verify the email address you used during registration. Go to your Sporcle Settings to finish the process.

Report this User

Report this user for behavior that violates our Community Guidelines.

Details: